| 000 | 01012na a2200313 4500 | ||
|---|---|---|---|
| 001 | 15647 | ||
| 003 | MIRAKIL | ||
| 005 | 20181213154853.0 | ||
| 008 | 161010b tu 000 0 | ||
| 040 |
_aMilas _btur _cTR-AnCHP |
||
| 041 | _atur | ||
| 082 |
_a956.22614 _bM54 2011 |
||
| 090 | _a956.22614 M54 2011 | ||
| 245 |
_aMilli mücadeleden Cumhuriyete Silivri _b-Belgelerle- _cProje sorumluları Elif Bilici, Ömet Sabahattin Çetin ; editör Ali Yılmaz |
||
| 246 | _aSilivri | ||
| 246 | _aBelgelerle Silivri | ||
| 260 |
_aİstanbul _bSilivri Belediyesi _c2011 |
||
| 300 |
_a290 s. _bfotg. , res , hrt. _c30 sm. _e+ 8 ktl. belge |
||
| 440 | _aSilivri Belediyesi | ||
| 490 |
_aBir şehir monografisi _v3 |
||
| 500 | _aYapıt Osmanlı Türkçesi metinler içerir. | ||
| 650 |
_aBelgeler _xOsmanlı İmparatorluğu _yTarih |
||
| 651 |
_aSilivri _xTarih |
||
| 657 | _aSilivri tarihi | ||
| 700 | _aBilici, Elif | ||
| 700 | _aYılmaz, Ali | ||
| 700 | _aSağlamçubukçu, S. Atilla | ||
| 942 |
_2ddc _cBKS |
||
| 999 |
_c2315 _d2315 |
||